Mujeres y sociedad: nuevos enfoques teóricos y metodológicos /
La autora apuesta por una ciencia comprometida con la resolución de las relaciones de desigualdad existentes, entre ellas las relaciones de sexo-género a través de un paradigma transdisciplinar. Propone una serie de elementos sobre los que reflexionar para interpretar las diferentes desigualdades so...
Saved in:
| Main Author: | |
|---|---|
| Other Authors: | |
| Format: | Unknown |
| Published: |
Barcelona:
Universitat de Barcelona
|
| Subjects: | |
| Tags: |
Add Tag
No Tags, Be the first to tag this record!
|
MARC
| LEADER | 00000 a2200000 04500 | ||
|---|---|---|---|
| 001 | 18601 | ||
| 003 | |||
| 008 | 991231s d | ||
| 040 | |||
| 090 | |a 143703 | ||
| 100 | |a Luna, Lola G. | ||
| 245 | |a Mujeres y sociedad: nuevos enfoques teóricos y metodológicos / |c Lola G. Luna. | ||
| 260 | |a Barcelona: |b Universitat de Barcelona | ||
| 300 | |a 196 p. | ||
| 520 | |a La autora apuesta por una ciencia comprometida con la resolución de las relaciones de desigualdad existentes, entre ellas las relaciones de sexo-género a través de un paradigma transdisciplinar. Propone una serie de elementos sobre los que reflexionar para interpretar las diferentes desigualdades sociales y las conexiones que se dan entre ellas. Paralelamente ofrece a lo largo del texto una alternativa no sexista de referencia a los dos géneros, utilizando la letra "e" en lugar de la "a" del femenino y de la "o" del masculino. Dentro de las dificultades que presenta superar en el lenguaje la terminología sesgada por el género masculino, su apuesta por la "e" podría ser una vía fructífera por la que avanzar en la superación del sexismo. Rev/PAG | ||
| 650 | |a SEXO | ||
| 650 | |a MUJERES | ||
| 650 | |a TEORIA | ||
| 700 | |a comp | ||
| 999 | |c 14426 |d 14426 | ||
